| 000 | 00890nam0a22002411 4500 | ||
|---|---|---|---|
| 001 | v19\rc\2096079 | ||
| 005 | 20260406203706.0 | ||
| 035 | _a(NLR Aleph) 005166113 | ||
| 090 |
_a5029037 _c5029037 |
||
| 100 | _a20081218d1915 |||y0rusy50 ca | ||
| 101 | 0 | _arus | |
| 102 | _aRU | ||
| 105 | _ay z ||||| | ||
| 200 | 1 |
_a[Листки] Киевского-Епархиального Свято-Владимирского братства _e№ 1-2 |
|
| 210 |
_aКиев _d[1915] |
||
| 215 | _a2 бр. | ||
| 532 | 1 | 3 | _aЛистки Киевского-Епархиального Свято-Владимирского братства |
| 710 | 0 | 2 |
_aКиевское Свято-Владимирское епархиальное братство _3RU\NLR\AUTH\889963953 _9424148 |
| 801 | 0 |
_aRU _bNLR _gpsbo |
|
| 801 | 1 |
_aRU _bProSoft-M _2rusmarc |
|
| 852 |
_aNLR _j37.74.3.198 |
||
| 942 | _cBOOK | ||
| 980 | _aNB | ||